000 00944nam a22002777a 4500
003 CHAP
005 20220329135032.0
008 971013s1972 r 00010 d
010 _a29893
011 _a30865
035 _a34977
040 _cCHAP
090 _aTesis
100 0 0 _aMaldonado Bustamente, Manuel Octavio.
_970081
245 _aEstudio preliminar del hematocrito y tipos de hemoglobina en bovinos, caprinos y ovinos que se sacrifican en la ciudad de Monterrey, N.L.
260 _aMonterrey, N.L. :
_bEl autor,
_c1972
300 _a47 h
502 _aTesis (Ing. Agrónomo Zootecnista) -- ITESM. División de Ciencias Agropecuarias y Marítimas
590 _aALEPH
_b10
_c20130110
_lUCH01
_h1251
590 _aBATCH-UPD
_b10
_c20130110
_lUCH01
_h2312
590 _aCONVERSION
_b10
_c20130109
_lUCH01
_h1317
650 1 4 _aSangre
_xGanado.
_9102215
901 _aBK
942 _cTESIS
949 _bBC
_cTES
_d-80838
_eTS1
_i34977
_si
999 _c29893
_d29893